Progressively Harder Corporate Logos II Quiz Stats

 Plays Quiz Updated Sep 28, 2015

Score 0/54 Timer 10:00
0 Plays Today
% Correct
Shell
99.6%
McDonald's Corporation
99.2%
Starbucks
98.7%
Honda Motor Company
98.6%
Playboy
98.1%
Microsoft Windows
97.9%
Taco Bell
97.3%
Jaguar
96.6%
Audi
95.7%
Wikipedia
95.5%
Adidas
95.2%
Chevrolet
95.1%
Red Bull
93.4%
Mercedes-Benz
93.1%
Quaker Oats
89.2%
Hyundai
88%
DreamWorks SKG
86.5%
AT&T
85.5%
Subaru
84.2%
Texaco
83.1%
Dairy Queen
82.8%
Mazda Motor Corp.
79.8%
Sporcle Inc.
79.4%
Fosters
74.9%
Hilton Hotels Corp.
74%
Bank of America
69.1%
America Online
67.7%
% Correct
Comcast
67.7%
Louis Vuitton
67%
Guinness
66.9%
Walmart
65.9%
Mastercard
65.4%
Unicef
61.8%
Allstate
61.3%
DirecTV
59.9%
Prudential Financial
57.5%
ING Group
57.3%
Chrysler
53.3%
Unilever
46.8%
Qantas
44.5%
Sun Microsystems
43.4%
Rolex
43%
Peugeot
41.2%
Travelers
40.8%
HSBC
37.4%
Xerox
35.4%
British Airways
30.1%
Corona
25.5%
The Boeing Company
23.6%
BNP Paribas
15.2%
Deutsche Bank
10%
Reuters
9.3%
Total
8.6%
TDK
4.1%

You're not logged in!

Compare scores with friends on all Sporcle quizzes.
Join for Free
OR
Log In

You Might Also Like...

Show Comments

Extras

Top Quizzes Today


Score Distribution

Your Account Isn't Verified!

In order to create a playlist on Sporcle, you need to verify the email address you used during registration. Go to your Sporcle Settings to finish the process.

Report this User

Report this user for behavior that violates our Community Guidelines.

Details: